[Event "EWICC 2019"]
[Site "Antalya"]
[Date "2019.04.12"]
[Round "2.19"]
[White "Anacoglu, Cisel"]
[Black "Buksa, Nataliya"]
[Result "1/2-1/2"]
[WhiteElo "1958"]
[BlackElo "2407"]
[Annotator "NA"]
[PlyCount "133"]
[EventDate "2019.04.11"]
[EventType "swiss"]
[EventCountry "TUR"]
[SourceTitle "playchess.com"]
[Source "ChessBase"]
[SourceQuality "1"]

1. e4 e5 2. Nf3 Nc6 3. Bb5 a6 4. Ba4 Nf6 5. O-O b5 6. Bb3 Be7 7. Re1 d6 8. c3 O-O 9. h3 Nb8 10. d4 Nbd7 11. Nbd2 c5 12. d5 c4 13. Bc2 Qc7 14. Nf1 a5 15. Bd2 a4 16. b3 axb3 17. axb3 Rxa1 18. Qxa1 cxb3 19. Bxb3 Nb6 20. Qa5 Bd7 21. Qb4 Nc4 22. Bxc4 Qxc4 23. Qxc4 bxc4 24. Bg5 Ra8 25. Ne3 Kf8 26. Nxc4 Bb5 27. Bxf6 Bxc4 28. Bxe7+ Kxe7 29. Nd2 Bd3 30. Re3 Ra1+ 31. Kh2 Ba6 32. Nf3 Rf1 33. Kg3 Rc1 34. Ne1 f6 35. Kh4 g6 36. g4 Bc4 37. Kg3 f5 38. gxf5 gxf5 39. exf5 Bxd5 40. Kg4 Kf6 41. Rd3 Bf7 42. Ng2 Rg1 43. Rg3 h5+ 44. Kh4 d5 45. Ne3 Rc1 46. Rf3 Rg1 47. Nc2 Rd1 48. Ne3 Rc1 49. Kg3 e4 50. Rf4 Rxc3 51. Kh4 Rd3 52. Ng2 Ke5 53. f6 d4 54. Kg5 Rxh3 55. Rf5+ Kd6 56. Ra5 Rf3 57. Ra6+ Kc5 58. Ra7 Bb3 59. Nf4 Rxf2 60. f7 Bxf7 61. Rxf7 Rf3 62. Kxh5 d3 63. Kg4 Kd4 64. Rd7+ Ke3 65. Nxd3 exd3 66. Rxd3+ Kxd3 67. Kxf3 1/2-1/2

[Event "EWICC 2019"]
[Site "Antalya"]
[Date "2019.04.12"]
[Round "2.20"]
[White "Guseva, Marina"]
[Black "Sedina, Elena"]
[Result "1/2-1/2"]
[WhiteElo "2404"]
[BlackElo "2271"]
[Annotator "ChessBase"]
[PlyCount "70"]
[EventDate "2019.04.11"]
[EventType "swiss"]
[EventCountry "TUR"]
[SourceTitle "playchess.com"]
[Source "ChessBase"]
[SourceQuality "1"]

1. d4 d5 2. c4 c6 3. Nf3 Nf6 4. e3 Bf5 5. Nc3 e6 6. Nh4 Bg6 7. Nxg6 hxg6 8. Bd3 c5 9. cxd5 exd5 10. dxc5 Bxc5 11. Qb3 Bb6 12. Bd2 Nc6 13. Qa4 O-O 14. O-O-O Rc8 15. Kb1 d4 16. exd4 Bxd4 17. f3 a6 18. Be4 Qb6 19. Bc2 Qa7 20. Ne4 Nxe4 21. Bxe4 Qb6 22. Qb3 Qxb3 23. axb3 Rfd8 24. Bc3 Bf6 25. Rhe1 Bxc3 26. bxc3 Kf8 27. Kc2 Rxd1 28. Rxd1 Ke7 29. Re1 Kd6 30. Bxc6 Rxc6 31. Re8 Rc7 32. Kd3 Rd7 33. h4 a5 34. Ra8 Kc5+ 35. Kc2 b6 1/2-1/2

[Event "EWICC 2019"]
[Site "Antalya"]
[Date "2019.04.12"]
[Round "2.21"]
[White "Osmak, Iulija"]
[Black "Caglar, Sila"]
[Result "1-0"]
[WhiteElo "2399"]
[BlackElo "2140"]
[Annotator "ChessBase"]
[PlyCount "53"]
[EventDate "2019.04.11"]
[EventType "swiss"]
[EventCountry "TUR"]
[SourceTitle "playchess.com"]
[Source "ChessBase"]
[SourceQuality "1"]

1. d4 Nf6 2. Bg5 c5 3. d5 Ne4 4. Bf4 Qb6 5. Bc1 g6 6. f3 Nd6 7. e4 Bg7 8. Nd2 f5 9. c4 O-O 10. Bd3 e6 11. Ne2 fxe4 12. fxe4 exd5 13. exd5 Qa5 14. Rf1 Na6 15. Rxf8+ Bxf8 16. Kf1 b5 17. cxb5 Nxb5 18. Ne4 Nd6 19. Nf6+ Kg7 20. Bd2 Qd8 21. Bc3 Be7 22. Nxh7+ Kxh7 23. Nf4 Kg8 24. Qg4 Bg5 25. Bxg6 Nf7 26. Bxf7+ Kxf7 27. Qh5+ 1-0

[Event "EWICC 2019"]
[Site "Antalya"]
[Date "2019.04.12"]
[Round "2.22"]
[White "Tanir, Simay"]
[Black "Mkrtchian, Lilit"]
[Result "0-1"]
[WhiteElo "1361"]
[BlackElo "2397"]
[Annotator "NA"]
[PlyCount "124"]
[EventDate "2019.04.11"]
[EventType "swiss"]
[EventCountry "TUR"]
[SourceTitle "playchess.com"]
[Source "ChessBase"]
[SourceQuality "1"]

1. d4 Nf6 2. c4 e6 3. Nc3 Bb4 4. f3 c5 5. d5 O-O 6. e4 Re8 7. Bg5 exd5 8. Bxf6 Qxf6 9. cxd5 Bxc3+ 10. bxc3 Qxc3+ 11. Kf2 d6 12. Ne2 Qf6 13. Ng3 Nd7 14. Rb1 Ne5 15. Bb5 Re7 16. Qd2 c4 17. Ne2 a6 18. Ba4 Nd3+ 19. Kg1 Rxe4 20. Bc2 Re7 21. Bxd3 cxd3 22. Nf4 Qd4+ 23. Kf1 Bf5 24. g4 Re2 25. Nxe2 dxe2+ 26. Ke1 Qxd2+ 27. Kxd2 Bxb1 28. Rxb1 Re8 29. Ke1 b5 30. Rc1 Kf8 31. Rc6 a5 32. Rb6 b4 33. Ra6 Re3 34. Rxa5 Rxf3 35. Rb5 Rf1+ 36. Kxe2 Rh1 37. h3 Rxh3 38. Rxb4 Rh2+ 39. Kf3 Rxa2 40. g5 Ra7 41. Rb8+ Ke7 42. Rh8 Ra5 43. Ke4 Ra4+ 44. Ke3 Rg4 45. Rxh7 Rxg5 46. Kf4 Kf6 47. Ke4 Rg4+ 48. Ke3 Ke5 49. Rh5+ f5 50. Kf3 Rd4 51. Rh7 g5 52. Re7+ Kxd5 53. Ra7 Rd3+ 54. Ke2 Rb3 55. Ra5+ Ke4 56. Ra4+ Ke5 57. Ra5+ d5 58. Ra8 g4 59. Re8+ Kf4 60. Rd8 Rb2+ 61. Ke1 Ke3 62. Kf1 Kf3 0-1

[Event "EWICC 2019"]
[Site "Antalya"]
[Date "2019.04.12"]
[Round "2.23"]
[White "Milliet, Sophie"]
[Black "Garifullina, Leya"]
[Result "1/2-1/2"]
[WhiteElo "2394"]
[BlackElo "2085"]
[Annotator "NA"]
[PlyCount "192"]
[EventDate "2019.04.11"]
[EventType "swiss"]
[EventCountry "TUR"]
[SourceTitle "playchess.com"]
[Source "ChessBase"]
[SourceQuality "1"]

1. e4 c5 2. Nf3 d6 3. d4 cxd4 4. Nxd4 Nf6 5. Nc3 a6 6. g3 e5 7. Nf3 Be7 8. Nh4 O-O 9. Bg2 g6 10. a4 Nc6 11. O-O Nb4 12. h3 Be6 13. Nd5 Bxd5 14. exd5 e4 15. Bh6 Re8 16. Qd2 Nbxd5 17. Nf5 Bf8 18. Bxf8 Rxf8 19. Bxe4 Nxe4 20. Nh6+ Kg7 21. Qxd5 f5 22. Ng4 fxg4 23. Qxb7+ Rf7 24. Qxe4 gxh3 25. Rad1 Rc8 26. c3 Qb6 27. Qd4+ Qxd4 28. Rxd4 Rb7 29. Rxd6 Rxb2 30. Rxa6 Rxc3 31. Ra7+ Kh6 32. Kh2 Ra3 33. Kxh3 Rba2 34. Kg2 Rxa4 35. Rh1+ Kg5 36. Raxh7 Ra5 37. Rf7 Rf5 38. Rxf5+ Kxf5 39. Rb1 Rc2 40. Rb5+ Kf6 41. g4 Rc3 42. f3 Rc7 43. Kg3 Kg7 44. f4 Rf7 45. Rb6 Rc7 46. Kf3 Rc4 47. Rb7+ Kg8 48. Kg3 Ra4 49. Rd7 Rb4 50. Kf3 Ra4 51. g5 Rb4 52. Ke3 Ra4 53. Rd4 Ra7 54. Ke4 Kf7 55. Rd6 Ra4+ 56. Ke5 Ra5+ 57. Rd5 Ra7 58. Rb5 Re7+ 59. Kd5 Rd7+ 60. Ke4 Re7+ 61. Kd4 Ra7 62. Rc5 Rd7+ 63. Rd5 Ra7 64. Rd6 Ra4+ 65. Ke5 Ra5+ 66. Ke4 Ra4+ 67. Rd4 Ra7 68. Rb4 Ra5 69. Rb7+ Kg8 70. Kd4 Rf5 71. Ke4 Ra5 72. Rc7 Rb5 73. Ra7 Rc5 74. Rd7 Ra5 75. Rd5 Ra7 76. Rd6 Kf7 77. Rf6+ Kg7 78. Rc6 Kf7 79. Kd5 Rd7+ 80. Kc5 Re7 81. Rf6+ Kg7 82. Rd6 Kf7 83. Kc6 Re4 84. Rf6+ Kg7 85. Kd5 Ra4 86. Ke5 Ra5+ 87. Ke4 Ra4+ 88. Kf3 Ra3+ 89. Kg4 Rb3 90. Ra6 Rc3 91. Ra7+ Kg8 92. Ra4 Kg7 93. Ra6 Rb3 94. Ra7+ Kg8 95. Ra8+ Kg7 96. Ra7+ Kg8 1/2-1/2

[Event "EWICC 2019"]
[Site "Antalya"]
[Date "2019.04.12"]
[Round "2.24"]
[White "Girya, Olga"]
[Black "Hereklioglu, Sude"]
[Result "1-0"]
[WhiteElo "2461"]
[BlackElo "1948"]
[Annotator "ChessBase"]
[PlyCount "65"]
[EventDate "2019.04.11"]
[EventType "swiss"]
[EventCountry "TUR"]
[SourceTitle "playchess.com"]
[Source "ChessBase"]
[SourceQuality "1"]

1. d4 Nf6 2. c4 g6 3. Nc3 Bg7 4. e4 d6 5. Be2 O-O 6. Be3 Nbd7 7. Nf3 Ng4 8. Bg5 f6 9. Bd2 e5 10. d5 f5 11. Ng5 Nc5 12. b4 fxe4 13. Ncxe4 Nxe4 14. Nxe4 Nf6 15. Bg5 Bf5 16. Ng3 Qd7 17. O-O e4 18. Qd2 Rae8 19. Rae1 Qf7 20. Bd1 Nd7 21. Ba4 h5 22. Re2 Kh7 23. Bxd7 Qxd7 24. Rfe1 b5 25. cxb5 Qxb5 26. Nxe4 Re5 27. h4 Rxd5 28. Qc1 Qb6 29. Nf6+ Bxf6 30. Bxf6 Re5 31. Bxe5 dxe5 32. Rxe5 Be6 33. Qc5 1-0

[Event "EWICC 2019"]
[Site "Antalya"]
[Date "2019.04.12"]
[Round "2.25"]
[White "Gajcin, Marina"]
[Black "Goryachkina, Aleksandra"]
[Result "1/2-1/2"]
[WhiteElo "2247"]
[BlackElo "2534"]
[Annotator "ChessBase"]
[PlyCount "140"]
[EventDate "2019.04.11"]
[EventType "swiss"]
[EventCountry "TUR"]
[SourceTitle "playchess.com"]
[Source "ChessBase"]
[SourceQuality "1"]

1. e4 c6 2. Nf3 d5 3. Nc3 Bg4 4. h3 Bxf3 5. Qxf3 Nf6 6. d4 dxe4 7. Qe3 Nbd7 8. Nxe4 Nxe4 9. Qxe4 Nf6 10. Qd3 e6 11. Be2 Be7 12. O-O O-O 13. c4 Qc7 14. b3 Rfd8 15. Bb2 Ne8 16. Rad1 Bf6 17. Qb1 Rd7 18. Rd3 Rad8 19. Rfd1 Qf4 20. g3 Qh6 21. Kg2 g6 22. Qa1 Qg7 23. b4 Nd6 24. Ra3 a6 25. g4 Nc8 26. Rad3 g5 27. Qc1 Ne7 28. h4 h6 29. h5 a5 30. a3 axb4 31. axb4 b5 32. Bf3 Rb8 33. Ra3 bxc4 34. Qxc4 Rdb7 35. Rb3 Rb6 36. Ra1 Qf8 37. Ra6 Rxa6 38. Qxa6 Qd8 39. Qc4 Qd7 40. Bc3 Nd5 41. Bd2 Be7 42. Be4 Bd6 43. Bb1 Bf4 44. Qc2 Kf8 45. Qh7 Ke7 46. Rf3 Rf8 47. Be3 Qd6 48. Qxh6 Bxe3 49. fxe3 Qxb4 50. Qxg5+ f6 51. Qg6 Qd2+ 52. Rf2 Qxe3 53. Qe4 f5 54. Qxe3 Nxe3+ 55. Kf3 Nxg4 56. Re2 Rf6 57. Kf4 Nh6 58. Rg2 Nf7 59. Bc2 Rh6 60. Bd1 Rh8 61. Bf3 Rd8 62. Ke3 Rd6 63. Rc2 e5 64. dxe5 Nxe5 65. Bg2 Kf6 66. Rc5 Re6 67. Kd4 f4 68. Rc3 f3 69. Bxf3 Nxf3+ 70. Rxf3+ Kg5 1/2-1/2

[Event "EWICC 2019"]
[Site "Antalya"]
[Date "2019.04.12"]
[Round "2.26"]
[White "Calzetta Ruiz, Monica"]
[Black "Socko, Monika"]
[Result "1-0"]
[WhiteElo "2283"]
[BlackElo "2447"]
[Annotator "ChessBase"]
[PlyCount "77"]
[EventDate "2019.04.11"]
[EventType "swiss"]
[EventCountry "TUR"]
[SourceTitle "playchess.com"]
[Source "ChessBase"]
[SourceQuality "1"]

1. e4 d6 2. d4 g6 3. Nc3 Bg7 4. Be3 c6 5. Nf3 Nd7 6. Qd2 Qc7 7. a4 Ngf6 8. Be2 O-O 9. Bh6 e5 10. Bxg7 Kxg7 11. O-O Re8 12. Rad1 Nf8 13. h3 Ne6 14. dxe5 dxe5 15. Bc4 Nc5 16. Rfe1 Be6 17. Qe2 Rad8 18. Ng5 Rd4 19. Bxe6 Nxe6 20. Nf3 Rb4 21. b3 Nc5 22. Qe3 b6 23. Nd2 Rd4 24. f4 Rd7 25. fxe5 Qxe5 26. Nf3 Qh5 27. e5 Nd5 28. Nxd5 cxd5 29. Rd4 Qf5 30. Rh4 h5 31. Nd4 Qe4 32. Rxe4 dxe4 33. b4 Nxa4 34. Qxe4 Red8 35. Nc6 Re8 36. Qf3 Re6 37. Rf1 Nb2 38. Nd4 Re8 39. e6 1-0

[Event "EWICC 2019"]
[Site "Antalya"]
[Date "2019.04.12"]
[Round "2.27"]
[White "Motycakova, Monika"]
[Black "Mammadzada, Gunay"]
[Result "0-1"]
[WhiteElo "2174"]
[BlackElo "2438"]
[Annotator "ChessBase"]
[PlyCount "63"]
[EventDate "2019.04.11"]
[EventType "swiss"]
[EventCountry "TUR"]
[SourceTitle "playchess.com"]
[Source "ChessBase"]
[SourceQuality "1"]

1. e4 c5 2. Nf3 d6 3. d4 cxd4 4. Nxd4 Nf6 5. Nc3 a6 6. Be2 e5 7. Nb3 Be7 8. O-O O-O 9. Kh1 Re8 10. a4 Nc6 11. Bg5 Be6 12. Bxf6 Bxf6 13. Nd5 Bg5 14. a5 Rc8 15. c4 Ne7 16. Qd3 Nxd5 17. exd5 Bd7 18. Nd2 f5 19. f3 Qf6 20. Rfe1 Qh6 21. Nf1 e4 22. Qb3 Rb8 23. fxe4 fxe4 24. Qd1 Qh4 25. Qd4 Bf6 26. Qb6 Be5 27. Rab1 Rf8 28. g3 Qf6 29. Red1 Bh3 30. Qe3 Qf2 31. Rd2 Bd4 32. Rxd4 0-1

[Event "EWICC 2019"]
[Site "Antalya"]
[Date "2019.04.12"]
[Round "2.28"]
[White "Hoang, Thanh Trang"]
[Black "Mikadze, Miranda"]
[Result "1-0"]
[WhiteElo "2435"]
[BlackElo "2266"]
[Annotator "NA"]
[PlyCount "63"]
[EventDate "2019.04.11"]
[EventType "swiss"]
[EventCountry "TUR"]
[SourceTitle "playchess.com"]
[Source "ChessBase"]
[SourceQuality "1"]

1. d4 d5 2. c4 c6 3. Nf3 Nf6 4. e3 a6 5. Bd3 Bg4 6. Nbd2 e6 7. Qb3 b5 8. cxd5 cxd5 9. Ne5 Bd6 10. e4 O-O 11. Nxg4 Nxg4 12. e5 Bc7 13. h3 Nh6 14. Qc2 g6 15. Nf3 Ba5+ 16. Kf1 Nf5 17. g4 Ng7 18. Bg5 Qc8 19. Qe2 Nd7 20. Be7 Re8 21. Bf6 Bd8 22. g5 Ra7 23. h4 h5 24. gxh6 Nxf6 25. exf6 Nh5 26. Ne5 Nf4 27. Qg4 Nxd3 28. Nxg6 fxg6 29. Qxg6+ Kf8 30. h7 Rxh7 31. Qxh7 Bxf6 32. Rg1 1-0

[Event "EWICC 2019"]
[Site "Antalya"]
[Date "2019.04.12"]
[Round "2.29"]
[White "Bodnaruk, Anastasia"]
[Black "Semenova, Elena"]
[Result "1-0"]
[WhiteElo "2427"]
[BlackElo "2216"]
[Annotator "NA"]
[PlyCount "147"]
[EventDate "2019.04.11"]
[EventType "swiss"]
[EventCountry "TUR"]
[SourceTitle "playchess.com"]
[Source "ChessBase"]
[SourceQuality "1"]

1. e4 e6 2. d4 d5 3. e5 c5 4. c3 Nc6 5. Nf3 Qb6 6. a3 c4 7. g3 Na5 8. Nbd2 Bd7 9. Bg2 Ne7 10. O-O Nc8 11. Ne1 Qc7 12. f4 Nb6 13. Qe2 O-O-O 14. Nc2 Ba4 15. Ne3 g6 16. g4 h5 17. f5 gxf5 18. gxf5 Qe7 19. Bh3 Bh6 20. Ng2 Bd7 21. Nf3 Rdg8 22. Bxh6 Rxh6 23. Kh1 Kb8 24. Nfh4 Nb3 25. Rae1 Qg5 26. Rf4 a6 27. Ref1 Ka7 28. Qf2 Rh7 29. Ne3 Rhg7 30. Nhg2 Na4 31. Rf3 Nb6 32. f6 Rg6 33. Nf4 Nd2 34. Nxg6 Nxf1 35. Ne7 Nxe3 36. Rxe3 Rh8 37. Qg3 Qxg3 38. hxg3 Be8 39. Bg2 Kb8 40. Kh2 Ba4 41. Bf3 Bc2 42. Re1 Bd3 43. Rd1 Nc8 44. Nxc8 Kxc8 45. Kh3 Kd7 46. Kh4 Ke8 47. Rh1 Kf8 48. Bxh5 Bg6 49. Kg5 Be4 50. Rh2 a5 51. a4 Bf3 52. Rh4 Be4 53. Bd1 Rxh4 54. gxh4 Kg8 55. h5 Kh7 56. b3 cxb3 57. Bxb3 Bd3 58. h6 Kg8 59. Kf4 b6 60. Ke3 Bf1 61. Bc2 Bc4 62. Kd2 Ba2 63. Kc1 Bc4 64. Kd2 Ba2 65. h7+ Kh8 66. Bg6 Bb3 67. Bxf7 Kxh7 68. Bxe6 Kg6 69. Bd7 Kf7 70. Ke3 Bc4 71. Kf4 b5 72. Kg5 b4 73. e6+ Kg8 74. e7 1-0

[Event "EWICC 2019"]
[Site "Antalya"]
[Date "2019.04.12"]
[Round "2.30"]
[White "Zawadzka, Jolanta"]
[Black "Utiatskaja, Irina"]
[Result "1-0"]
[WhiteElo "2418"]
[BlackElo "2210"]
[Annotator "ChessBase"]
[PlyCount "63"]
[EventDate "2019.04.11"]
[EventType "swiss"]
[EventCountry "TUR"]
[SourceTitle "playchess.com"]
[Source "ChessBase"]
[SourceQuality "1"]

1. e4 c5 2. Nf3 d6 3. d4 Nf6 4. Nc3 cxd4 5. Nxd4 a6 6. Bg5 Nbd7 7. Qe2 b5 8. f4 e5 9. fxe5 dxe5 10. O-O-O Qb6 11. Nd5 Nxd5 12. exd5 Qg6 13. h4 h6 14. Bd2 Bb7 15. Nc6 Bxc6 16. dxc6 Qxc6 17. Bc3 Be7 18. Bxe5 Nxe5 19. Qxe5 Qf6 20. Qe4 O-O 21. Bd3 g6 22. h5 Kg7 23. Kb1 Qg5 24. c3 Rab8 25. Bc2 Rfd8 26. Rdf1 Bf6 27. hxg6 fxg6 28. Rf4 Re8 29. Qf3 Qe5 30. Rf1 Rf8 31. Qg3 Qh5 32. Rxf6 1-0

[Event "EWICC 2019"]
[Site "Antalya"]
[Date "2019.04.12"]
[Round "2.31"]
[White "Abdulla, Khayala"]
[Black "Arabidze, Meri"]
[Result "1-0"]
[WhiteElo "2228"]
[BlackElo "2399"]
[Annotator "NA"]
[PlyCount "111"]
[EventDate "2019.04.11"]
[EventType "swiss"]
[EventCountry "TUR"]
[SourceTitle "playchess.com"]
[Source "ChessBase"]
[SourceQuality "1"]

1. e4 c5 2. Nf3 e6 3. d4 cxd4 4. Nxd4 Nc6 5. Nc3 Qc7 6. Be3 a6 7. Bd3 Nf6 8. O-O Nxd4 9. Bxd4 Bc5 10. Bxc5 Qxc5 11. Qe2 d6 12. Kh1 b5 13. f4 b4 14. e5 bxc3 15. exf6 cxb2 16. Rab1 gxf6 17. Rxb2 f5 18. Qh5 Qd4 19. Rb3 Ra7 20. Re1 Rg8 21. Rb8 Ke7 22. Qh4+ Qf6 23. Qf2 Rc7 24. Bxa6 Rd8 25. Bd3 Rc5 26. a4 Bd7 27. Rxd8 Kxd8 28. a5 Qb2 29. a6 Kc7 30. Qg1 Bc6 31. Rb1 Qa2 32. Ra1 Qd5 33. Qf2 Ra5 34. Rb1 Rc5 35. Ra1 Ra5 36. Rb1 Rc5 37. Qf1 Ra5 38. Qf2 Rc5 39. h3 Qa2 40. Qg1 Qa4 41. Qf2 Qa2 42. Rd1 Qd5 43. Ra1 h6 44. Ra3 Ba8 45. Qg3 e5 46. Qg8 exf4 47. c4 Qe6 48. Ra1 Bc6 49. a7 Ra5 50. Rxa5 Qe1+ 51. Kh2 Qxa5 52. Qb8+ Kd7 53. c5 Qxc5 54. Bb5 Bxb5 55. a8=Q Ke6 56. Qc8+ 1-0

[Event "EWICC 2019"]
[Site "Antalya"]
[Date "2019.04.12"]
[Round "2.32"]
[White "Gokbulut, Julia"]
[Black "Melia, Salome"]
[Result "0-1"]
[WhiteElo "2021"]
[BlackElo "2393"]
[Annotator "NA"]
[PlyCount "138"]
[EventDate "2019.04.11"]
[EventType "swiss"]
[EventCountry "TUR"]
[SourceTitle "playchess.com"]
[Source "ChessBase"]
[SourceQuality "1"]

1. d4 Nf6 2. c4 e6 3. Nf3 c5 4. d5 d6 5. Nc3 exd5 6. cxd5 g6 7. e4 Bg7 8. Bb5+ Nfd7 9. a4 O-O 10. O-O Na6 11. Bg5 Bf6 12. Bh6 Bg7 13. Bg5 f6 14. Bf4 Qe7 15. Nd2 Ne5 16. Bg3 f5 17. exf5 Bxf5 18. Re1 Qd8 19. Nde4 Nb4 20. Bf1 a6 21. Qd2 b6 22. Na2 Nxa2 23. Rxa2 Nf7 24. Bf4 Re8 25. Ng3 Rxe1 26. Qxe1 Bd7 27. Bd2 Qh4 28. b3 Re8 29. Qc1 b5 30. axb5 Bxb5 31. Be3 Ne5 32. h3 Nd3 33. Qd2 Nb4 34. Bxb5 axb5 35. Ra7 Qf6 36. Bf4 Re7 37. Ra8+ Kf7 38. Bg5 Qd4 39. Qxd4 Re1+ 40. Kh2 Bxd4 41. Ra7+ Ke8 42. Bd2 Re5 43. f4 Rxd5 44. Ne4 Nc6 45. Rxh7 Ne7 46. g4 Bb2 47. Be1 Ng8 48. Ba5 Rd4 49. Ng5 Rxf4 50. Rb7 Be5 51. Kg2 Ne7 52. Rxb5 Nc6 53. Bd2 Rd4 54. Nf3 Rd3 55. Rb6 Nd4 56. Rb8+ Kd7 57. Nxe5+ dxe5 58. Bg5 Rxb3 59. Rg8 Rb2+ 60. Kg3 Rb3+ 61. Kg2 c4 62. Rg7+ Ke6 63. Rxg6+ Kd5 64. h4 c3 65. Rg8 c2 66. Rc8 e4 67. h5 e3 68. h6 Nc6 69. Bxe3 Rxe3 0-1

[Event "EWICC 2019"]
[Site "Antalya"]
[Date "2019.04.12"]
[Round "2.33"]
[White "Guichard, Pauline"]
[Black "Ghukasyan, Siranush"]
[Result "1-0"]
[WhiteElo "2392"]
[BlackElo "2201"]
[Annotator "NA"]
[PlyCount "81"]
[EventDate "2019.04.11"]
[EventType "swiss"]
[EventCountry "TUR"]
[SourceTitle "playchess.com"]
[Source "ChessBase"]
[SourceQuality "1"]

1. Nf3 d5 2. g3 Bg4 3. Bg2 Nd7 4. O-O e6 5. d3 Bd6 6. h3 Bh5 7. c4 c6 8. cxd5 cxd5 9. e4 Bxf3 10. Qxf3 Ne7 11. Nc3 d4 12. Nb1 O-O 13. Qe2 Rc8 14. Nd2 Nc6 15. f4 e5 16. Nc4 Be7 17. Qh5 f6 18. Bd2 b5 19. Na3 Bxa3 20. bxa3 Qe7 21. h4 Qxa3 22. Bh3 Qe7 23. Bf5 g6 24. Qg4 Kh8 25. Bxd7 f5 26. Bxf5 gxf5 27. exf5 Rg8 28. Qh3 Rxg3+ 29. Qxg3 Rg8 30. Qxg8+ Kxg8 31. Rac1 Qd7 32. Rf2 Kf7 33. Rxc6 Qxc6 34. fxe5 Ke8 35. e6 a5 36. Bh6 Qd6 37. Rg2 Qc6 38. Rg8+ Ke7 39. Bg5+ Kd6 40. e7 Qf3 41. e8=Q 1-0

[Event "EWICC 2019"]
[Site "Antalya"]
[Date "2019.04.12"]
[Round "2.34"]
[White "Rapport, Jovana"]
[Black "Ilyuchyk, Yana"]
[Result "1-0"]
[WhiteElo "2385"]
[BlackElo "2152"]
[Annotator "NA"]
[PlyCount "77"]
[EventDate "2019.04.11"]
[EventType "swiss"]
[EventCountry "TUR"]
[SourceTitle "playchess.com"]
[Source "ChessBase"]
[SourceQuality "1"]

1. d4 Nf6 2. Nf3 g6 3. Nc3 d5 4. Bf4 Bg7 5. e3 c5 6. Nb5 Na6 7. Be2 O-O 8. h3 Ne4 9. O-O Bd7 10. a4 Bc6 11. Nd2 Nxd2 12. Qxd2 f6 13. c4 cxd4 14. exd4 e5 15. dxe5 fxe5 16. Bg5 Bf6 17. Bxf6 Rxf6 18. cxd5 Qxd5 19. Qxd5+ Bxd5 20. Rfd1 Bc6 21. Bc4+ Kf8 22. Re1 e4 23. Nd4 Nb4 24. Nxc6 Rxc6 25. Rxe4 a5 26. Rae1 Rc7 27. b3 Rd8 28. R1e3 Rd1+ 29. Kh2 Rd8 30. h4 Nc6 31. h5 Kg7 32. Rg3 Rf8 33. hxg6 hxg6 34. Re6 Rf6 35. Re8 g5 36. Rg8+ Kh7 37. R8xg5 Rh6+ 38. Rh3 b6 39. Bg8+ 1-0

[Event "EWICC 2019"]
[Site "Antalya"]
[Date "2019.04.12"]
[Round "2.35"]
[White "Khukhashvili, Sopiko"]
[Black "Zubova, Mariya"]
[Result "1/2-1/2"]
[WhiteElo "2342"]
[BlackElo "2149"]
[Annotator "NA"]
[PlyCount "96"]
[EventDate "2019.04.11"]
[EventType "swiss"]
[EventCountry "TUR"]
[SourceTitle "playchess.com"]
[Source "ChessBase"]
[SourceQuality "1"]

1. e4 e5 2. Nf3 Nc6 3. Bb5 a6 4. Ba4 Nf6 5. O-O Nxe4 6. Re1 Nc5 7. Bxc6 dxc6 8. Nxe5 Be7 9. d4 Ne6 10. c3 O-O 11. f4 f6 12. Nf3 Qd5 13. Qd3 Bd6 14. c4 Qh5 15. g3 Rd8 16. Nc3 Bc5 17. Ne2 Nxd4 18. Nfxd4 Bxd4+ 19. Nxd4 c5 20. Qf3 Bg4 21. Qxb7 cxd4 22. Qxc7 Be2 23. Bd2 d3 24. b3 Qg4 25. Qc6 h5 26. Qg2 Qd7 27. Qf2 Re8 28. Rac1 Rac8 29. c5 Re4 30. Rc3 Qc6 31. Qg2 Bf3 32. Qf2 Be2 33. Qg2 Rce8 34. Qf2 f5 35. h3 h4 36. gxh4 R8e6 37. Kh2 Bh5 38. Be3 Be2 39. Bd2 Qd5 40. c6 Rxc6 41. Rxc6 Qxc6 42. Rc1 Qb7 43. Rc5 Bd1 44. Re5 Qc7 45. Rxe4 fxe4 46. b4 Qc2 47. a3 Bf3 48. Kg3 Qc6 1/2-1/2

[Event "EWICC 2019"]
[Site "Antalya"]
[Date "2019.04.12"]
[Round "2.36"]
[White "Aydin, Gulenay"]
[Black "Doluhanova, Evgeniya"]
[Result "1/2-1/2"]
[WhiteElo "1936"]
[BlackElo "2339"]
[Annotator "NA"]
[PlyCount "118"]
[EventDate "2019.04.11"]
[EventType "swiss"]
[EventCountry "TUR"]
[SourceTitle "playchess.com"]
[Source "ChessBase"]
[SourceQuality "1"]

1. e4 c5 2. Nf3 Nc6 3. Bb5 g6 4. O-O Bg7 5. Re1 Nf6 6. c3 O-O 7. d4 d5 8. e5 Ne4 9. Bxc6 bxc6 10. Nbd2 cxd4 11. cxd4 c5 12. dxc5 Nxc5 13. Nb3 Ne4 14. Be3 a5 15. Nc5 Bg4 16. Nxe4 dxe4 17. Qxd8 Rfxd8 18. Nd4 Bd7 19. Bf4 f5 20. h4 h6 21. Red1 Kf7 22. Rd2 Be6 23. Rad1 Rd5 24. g3 a4 25. Nxe6 Rxd2 26. Rxd2 Kxe6 27. Rc2 Ra6 28. Rc5 Rb6 29. Ra5 Rxb2 30. Rxa4 Rb5 31. Ra6+ Kf7 32. a4 Rd5 33. Ra7 Bxe5 34. Bxh6 Bd4 35. Rc7 Bb6 36. Rb7 Bc5 37. a5 Rd1+ 38. Kg2 Ra1 39. Rb5 Bd4 40. Be3 Bxe3 41. fxe3 Ra2+ 42. Kf1 Kg7 43. g4 fxg4 44. Rg5 Kf6 45. Rxg4 e5 46. Rxe4 Kf5 47. Rb4 e4 48. a6 Rxa6 49. Kf2 Ra1 50. Rb5+ Kf6 51. Rb6+ Kf5 52. Rb5+ Kg4 53. Rg5+ Kxh4 54. Rxg6 Ra2+ 55. Ke1 Kh3 56. Kf1 Rh2 57. Re6 Kg3 58. Rxe4 Kf3 59. Rf4+ Kxe3 1/2-1/2

[Event "EWICC 2019"]
[Site "Antalya"]
[Date "2019.04.12"]
[Round "2.37"]
[White "Beydullayeva, Govhar"]
[Black "Aleksanyan Cadir, Nelli"]
[Result "1-0"]
[WhiteElo "2316"]
[BlackElo "2043"]
[Annotator "NA"]
[PlyCount "83"]
[EventDate "2019.04.11"]
[EventType "swiss"]
[EventCountry "TUR"]
[SourceTitle "playchess.com"]
[Source "ChessBase"]
[SourceQuality "1"]

1. d4 Nf6 2. Nf3 c5 3. d5 b5 4. Bg5 d6 5. e4 Nbd7 6. Nbd2 Rb8 7. Be2 g6 8. c3 Bg7 9. Qc2 Qc7 10. h3 b4 11. c4 h6 12. Be3 a5 13. O-O Nb6 14. Ne1 a4 15. Nd3 Nfd7 16. Rae1 b3 17. axb3 axb3 18. Nxb3 Na4 19. Ra1 Ndb6 20. Na5 Ra8 21. Bd2 f5 22. Bf3 Bd7 23. e5 dxe5 24. d6 Qxd6 25. Bxa8 Nxa8 26. Nb7 Qc6 27. Ndxc5 Nxc5 28. Nxc5 Qxc5 29. Rxa8+ Kf7 30. Rxh8 Bxh8 31. b4 Qb6 32. Bc3 f4 33. Qe2 Qe6 34. Re1 Bc6 35. Bxe5 f3 36. Qe3 Bf6 37. Bxf6 Qxf6 38. Qe5 Qd6 39. Qxd6 exd6 40. b5 Bb7 41. gxf3 Bxf3 42. b6 1-0

[Event "EWICC 2019"]
[Site "Antalya"]
[Date "2019.04.12"]
[Round "2.38"]
[White "Injac, Teodora"]
[Black "Chan, Naruna"]
[Result "1-0"]
[WhiteElo "2310"]
[BlackElo "2004"]
[Annotator "NA"]
[PlyCount "53"]
[EventDate "2019.04.11"]
[EventType "swiss"]
[EventCountry "TUR"]
[SourceTitle "playchess.com"]
[Source "ChessBase"]
[SourceQuality "1"]

1. d4 Nf6 2. Nf3 e6 3. c4 b6 4. a3 Bb7 5. Nc3 Be7 6. d5 O-O 7. g3 d6 8. Bg2 e5 9. O-O Nbd7 10. Ne1 Ne8 11. e4 f5 12. exf5 Rxf5 13. b4 Rf8 14. Nd3 Qc8 15. Bb2 Kh8 16. Qe2 Bg5 17. Ne4 Bh6 18. b5 Nef6 19. Nxf6 Nxf6 20. f4 e4 21. Nf2 e3 22. Qxe3 Qe8 23. Qd3 Bc8 24. Rae1 Qf7 25. Nh3 Qh5 26. Ng5 Bf5 27. Qxf5 1-0